Регионална библиотека "Любен Каравелов" - Русе

Мъртвата планина (Запис номер 495637)

MARC детайли
000 -Лидер
Контролно поле с фиксирана дължина 01238nam a2200277 a 4500
003 - Код на организацията, давaща контролен номер
Контролно поле BLK
005 - Дата и час на последна редакция
Контролно поле 20250630101745.0
008 - Елементи от данни с фиксирана дължина
fixed length control field 180407b bul|||||r ||||||| ||bul||
020 ## - Международен стандартен номер на книга ISBN
Международен стандартен номер на книга ISBN 9786190302261
040 ## - Източник на каталожния запис
Идентификатор на билиотеката - собственик на записа BLK
041 ## - Код за език
Код за езика на текст/звукозапис или на отделно заглавие Български
Код за езика КДБФ Български
080 ## - УДК
Текстов определител УДК Американска литература (на САЩ)
УДК код - определител по УДК 821.111(73)
УДК определител -312.4
УДК - код + определител 821.111(73)-312.4
100 ## - Редна дума - Автор
Автор Престън, Дъглас
Авторска отговорност първи автор
R(LIN) 270440
139 ## - Редно поле
Редна дума Престън, Дъглас
Авторски знак Пред - П 86
245 10 - Сведения за заглавието
Заглавие Мъртвата планина
Редно поле (дума) Дъглас Престън, Линкълн Чайлд ; прев. Асен Георгиев.
257 ## - Страна на издаване
Страна на създаване/издаване Съединени американски щати
260 ## - Област на издателските данни
Име на издателя, разпространителя и проч. Бард
Година на издаване 2023
Място на издаване, разпространение и проч. София
Печатница ([София] : Алианс принт)
300 ## - Физическа характеристика
Страници 368 с.
Размери/Мащаб 20 см
380 ## - Жанр
Жанр Худож. лит.
490 ## - СЕРИИ (Колекции)
Име на серия Кралете на трилъра
9 (RLIN) 201353
700 ## - Други автори (авторска отговорност)
Лично име Чайлд, Линкълн
Автороска отговорност (Описва отношението между автора и произведението) съавт.
9 (RLIN) 270721
700 ## - Други автори (авторска отговорност)
Лично име Георгиев, Асен Георгиев
Звания и думи, свързани с автора Бълг. филолог, прев. от англ. и немски език; гл. ред. на сп. Библиотека
Дати, свързани с автора 1953 -
9 (RLIN) 367673
942 ## - АРТИКУЛИ
Вид на библиотечния материал Книги
Скрит в OPAC Не
Периодичен библиозапис Да
Koha issues (borrowed), all copies 67
999 ## - СИСТЕМНИ КОНТРОЛНИ НОМЕРА
Koha biblionumber 495637
Koha biblioitemnumber 495637
999 ## - СИСТЕМНИ КОНТРОЛНИ НОМЕРА
Koha biblioitemnumber 487031
944 ## - СЪЗДАВАНЕ И РЕДАКЦИЯ на ЗАПИСА
Създаване/Редакция
Дата на регистрацията/редакция Нора Радева
Служител, извършил регистрацията/редакцията 30530
Статус, дата на статуса Минев Младен
Наличности
Код за отписване Код за изгубен артикул Източник на класификационната схема Код за повреда Код за отдаване Артикулен № Име на библиотеката - собственик Име на библиотеката, в която се намира в момента Статус (Текущо местоположение) Дата на вписване в системата Местоположение - отдел Цена в лева Инвентарен номер Систематично азбучна сигнатура Баркод Цена в евро Служебен тип на артикула Коз за рестрикции
  Не е изгубен Universal Decimal Classification Не е повреден заемане за дома 933725 Регионална библиотека "Любен Каравелов" Русе Регионална библиотека "Любен Каравелов" Русе Заемна - подръчен фонд 2023-09-26 Заемна - подръчен фонд 13.59 120000892892 821-31/П 86 Д 120000892892 6.95 Книги  
  Не е изгубен Universal Decimal Classification Не е повреден заемане за дома 933726 Регионална библиотека "Любен Каравелов" Русе Регионална библиотека "Любен Каравелов" Русе Заемна - подръчен фонд 2023-09-26 Заемна - подръчен фонд 13.59 120000892893 821-31/П 86 Д 120000892893 6.95 Книги  
  Не е изгубен Universal Decimal Classification Не е повреден ползва се в читалня 943259 Регионална библиотека "Любен Каравелов" Русе Регионална библиотека "Любен Каравелов" Русе Хранилище 2024-06-04 Хранилище 19.99 120000908369 Цб 322767 120000908369 10.22 Книги само за читалня
Vip Innovations Ltd, Rousse, Bulgaria 2025